[Event "Bohumin op-A 8th"]
[Site "Bohumin"]
[Date "2025.07.02"]
[Round "6"]
[White "Sramek, Vojtech"]
[Black "Posluszny, Tomasz"]
[Result "1/2-1/2"]
[WhiteElo "2212"]
[BlackElo "2025"]
[PlyCount "146"]
[EventDate "2025.06.28"]
[EventType "swiss"]
[EventRounds "9"]
[EventCountry "CZE"]
[SourceTitle "CB28_2025"]
[SourceDate "2025.07.09"]
[SourceVersion "1"]
[SourceVersionDate "2025.07.09"]
[SourceQuality "1"]

1. e4 c5 2. Nf3 e6 3. c3 Nf6 4. e5 Nd5 5. Bc4 d6 6. d4 cxd4 7. cxd4 Be7 8. 0-0 0-0 9. Qe2 Nc6 10. Nc3 Nxc3 11. bxc3 dxe5 12. dxe5 Qc7 13. Re1 b6 14. Bd3 Bb7 15. Ng5 Bxg5 16. Bxg5 Nxe5 17. Qxe5 Qxe5 18. Rxe5 f6 19. Bxf6 Rxf6 20. Bc4 Kf7 21. Rd1 Ke7 22. Rde1 Bc8 23. g4 h6 24. h4 Rf4 25. Bxe6 Bxe6 26. Rxe6+ Kf7 27. R6e4 Rxe4 28. Rxe4 Rc8 29. Ra4 a5 30. Rf4+ Ke6 31. Re4+ Kd6 32. c4 Rc7 33. Kg2 Kc5 34. Kg3 Kb4 35. g5 hxg5 36. hxg5 Ka3 37. Re6 Rb7 38. Re2 Kb4 39. Rc2 Kc5 40. f4 g6 41. Kg4 Rd7 42. Re2 Rd6 43. Re4 Rd1 44. Re6 Rg1+ 45. Kf3 Rf1+ 46. Kg3 Rg1+ 47. Kf2 Ra1 48. Rxg6 Rxa2+ 49. Kf3 a4 50. Rg8 a3 51. g6 Ra1 52. g7 a2 53. Ra8 Rg1 54. Rxa2 Rxg7 55. Rc2 Kd4 56. Rb2 Kxc4 57. Rxb6 Kd5 58. Rh6 Rg8 59. Rh5+ Ke6 60. Ke4 Ra8 61. Rh6+ Kf7 62. Rc6 Ra5 63. Rb6 Rc5 64. Ra6 Rb5 65. Kd4 Ke7 66. Ke3 Kf7 67. Kf3 Rc5 68. Kg4 Rb5 69. Rd6 Ra5 70. Rh6 Rb5 71. Rh7+ Kf6 72. Rh8 Kf7 73. Ra8 Rc5 1/2-1/2

[Event "Bohumin op-A 8th"]
[Site "Bohumin"]
[Date "2025.07.01"]
[Round "5"]
[White "Trybus, Daniel"]
[Black "Sramek, Vojtech"]
[Result "1-0"]
[WhiteElo "2077"]
[BlackElo "2212"]
[PlyCount "65"]
[EventDate "2025.06.28"]
[EventType "swiss"]
[EventRounds "9"]
[EventCountry "CZE"]
[SourceTitle "CB28_2025"]
[SourceDate "2025.07.09"]
[SourceVersion "1"]
[SourceVersionDate "2025.07.09"]
[SourceQuality "1"]

1. e4 Nf6 2. e5 Nd5 3. d4 d6 4. c4 Nb6 5. f4 dxe5 6. fxe5 Nc6 7. Be3 Bf5 8. Nf3 e6 9. Be2 Be7 10. 0-0 0-0 11. Nc3 f6 12. exf6 Bxf6 13. Qd2 Qe7 14. Rad1 Rad8 15. Qe1 Rd7 16. b3 Rfd8 17. Qf2 Qb4 18. Nb5 Qe7 19. Rd2 h6 20. Rfd1 Kh8 21. Qg3 Nc8 22. Bf4 Nd6 23. Nxd6 cxd6 24. d5 Nb4 25. a3 Nc2 26. c5 exd5 27. cxd6 Rxd6 28. Bxd6 Rxd6 29. Bd3 Bxd3 30. Rxd3 d4 31. R1d2 Ne3 32. Re2 Qe4 33. Rexe3 1-0

[Event "Bohumin op-A 8th"]
[Site "Bohumin"]
[Date "2025.06.30"]
[Round "4"]
[White "Prokofyev, Valentyn"]
[Black "Sramek, Vojtech"]
[Result "1-0"]
[WhiteElo "2426"]
[BlackElo "2212"]
[PlyCount "90"]
[EventDate "2025.06.28"]
[EventType "swiss"]
[EventRounds "9"]
[EventCountry "CZE"]
[SourceTitle "CB28_2025"]
[SourceDate "2025.07.09"]
[SourceVersion "1"]
[SourceVersionDate "2025.07.09"]
[SourceQuality "1"]

1. d4 d5 2. c4 c6 3. Nf3 Nf6 4. Nc3 e6 5. Qd3 dxc4 6. Qxc4 b5 7. Qb3 Nbd7 8. g3 Bb7 9. Bg2 a6 10. Ng5 Be7 11. 0-0 0-0 12. Nge4 Nxe4 13. Bxe4 Qb6 14. Be3 c5 15. Rfd1 Bxe4 16. Nxe4 c4 17. Qc2 Qb7 18. f3 Rfc8 19. Bf2 f5 20. Nc3 Nf6 21. d5 b4 22. Na4 Nxd5 23. e4 fxe4 24. fxe4 Nf6 25. Nb6 Qxe4 26. Qxe4 Nxe4 27. Nxa8 Nxf2 28. Kxf2 Rxa8 29. Rac1 Rc8 30. Ke2 c3 31. Rd7 Kf7 32. bxc3 bxc3 33. Kd3 Ke8 34. Rb7 Bf6 35. Kc2 Rc5 36. Re1 Rc6 37. Reb1 Bd4 38. Rd1 Bf6 39. Rdd7 Rc5 40. Rdc7 Ra5 41. Rc8+ Bd8 42. a3 Rxa3 43. Rbb8 Ra2+ 44. Kxc3 Ra3+ 45. Kd4 Ra4+ 1-0

[Event "Bohumin op-A 8th"]
[Site "Bohumin"]
[Date "2025.06.28"]
[Round "1"]
[White "Sramek, Vojtech"]
[Black "Smolinski, Wojciech"]
[Result "1-0"]
[WhiteElo "2212"]
[BlackElo "1987"]
[PlyCount "81"]
[EventDate "2025.06.28"]
[EventType "swiss"]
[EventRounds "9"]
[EventCountry "CZE"]
[SourceTitle "CB28_2025"]
[SourceDate "2025.07.09"]
[SourceVersion "1"]
[SourceVersionDate "2025.07.09"]
[SourceQuality "1"]

1. e4 c5 2. Nf3 d6 3. d4 cxd4 4. Nxd4 Nf6 5. Nc3 Nc6 6. f3 e5 7. Nb3 Be7 8. Be3 Be6 9. Nd5 0-0 10. Be2 Bxd5 11. exd5 Nb4 12. c4 a5 13. Qd2 b6 14. 0-0 Nd7 15. Nc1 Na6 16. Bd1 Ndc5 17. Ne2 f5 18. Nc3 Qd7 19. Bc2 Nc7 20. Rad1 Bf6 21. b3 Rfc8 22. a3 N7a6 23. Rb1 a4 24. b4 Nb3 25. Bxb3 axb3 26. Qd3 Qc7 27. Qxf5 Qxc4 28. Ne4 Rf8 29. Qe6+ Kh8 30. Nxd6 Qc7 31. Rxb3 Rad8 32. Ne4 Qc4 33. Rc3 Qxd5 34. Qxd5 Rxd5 35. Bxb6 Rb8 36. Be3 Ra8 37. Rfc1 Kg8 38. Rc8+ Rd8 39. Rxa8 Rxa8 40. Nxf6+ gxf6 41. b5 1-0

[Event "EU-ch Rapid"]
[Site "Skopje"]
[Date "2024.12.07"]
[Round "2"]
[White "Schneider, Ilja"]
[Black "Sramek, Vojtech"]
[Result "1-0"]
[WhiteElo "2414"]
[BlackElo "2259"]
[PlyCount "75"]
[EventDate "2024.12.07"]
[EventType "swiss (rapid)"]
[EventRounds "11"]
[EventCountry "MKD"]
[SourceTitle "CB50_2024"]
[SourceDate "2024.11.01"]
[SourceVersion "1"]
[SourceVersionDate "2024.11.01"]
[SourceQuality "2"]

1. e4 c5 2. Nc3 g6 3. d4 cxd4 4. Qxd4 Nf6 5. Nf3 Nc6 6. Qa4 d6 7. e5 dxe5 8. Nxe5 Bg7 9. Bb5 0-0 10. Nxc6 bxc6 11. Bxc6 Rb8 12. 0-0 Bf5 13. Qxa7 Bxc2 14. Re1 Qd6 15. Bf3 e6 16. Re2 Bd3 17. Rd2 Qe5 18. Qe3 Qxe3 19. fxe3 Rfd8 20. Kf2 h5 21. h3 h4 22. a4 Nh7 23. Be2 Bxe2 24. Rxd8+ Rxd8 25. Kxe2 Ng5 26. e4 Bxc3 27. Bxg5 Bxb2 28. Bxd8 Bxa1 29. a5 Be5 30. a6 Bb8 31. Bxh4 Kg7 32. Bf2 Kf6 33. Kd3 Kg5 34. Kc4 f5 35. exf5 gxf5 36. Kb5 e5 37. Kc6 e4 38. Kb7 1-0

[Event "Prague Summer op"]
[Site "Prague"]
[Date "2024.08.06"]
[Round "6"]
[White "Sramek, Vojtech"]
[Black "Hozda, Max"]
[Result "1-0"]
[WhiteElo "2237"]
[BlackElo "2046"]
[PlyCount "213"]
[EventDate "2024.08.02"]
[EventType "swiss"]
[EventRounds "9"]
[EventCountry "CZE"]
[SourceTitle "CBM 221 Extra"]
[Source "ChessBase"]
[SourceDate "2024.09.30"]
[SourceVersion "1"]
[SourceVersionDate "2024.09.30"]
[SourceQuality "1"]

1. e4 c6 2. d4 d5 3. exd5 cxd5 4. c4 Nf6 5. Nc3 e6 6. Nf3 Bb4 7. cxd5 Nxd5 8. Bd2 0-0 9. Bd3 Nc6 10. 0-0 Be7 11. a3 Bf6 12. Nxd5 exd5 13. h3 Qb6 14. Bc3 g6 15. Bc2 Be6 16. Qd2 Rac8 17. Rfe1 Qc7 18. Re2 Rfe8 19. Rae1 b5 20. Bb3 Qd6 21. Ne5 Red8 22. Qh6 Qf8 23. Qxf8+ Kxf8 24. Nxc6 Rxc6 25. Bb4+ Be7 26. Ba5 Rd7 27. Rc2 Rxc2 28. Bxc2 Kg7 29. Bd3 Rb7 30. Bb4 Bxb4 31. axb4 a6 32. Rc1 Rb6 33. Kf1 h5 34. h4 f5 35. Ke2 Kf6 36. Kf3 Rd6 37. g3 Bd7 38. Rc7 Be6 39. Ke3 Bd7 40. Kd2 Be6 41. Ra7 Rc6 42. Be2 Rd6 43. Ra8 Rc6 44. Rh8 Bf7 45. Rd8 Ke7 46. Ra8 Kf6 47. Bf3 Rd6 48. Rf8 Ke7 49. Rc8 Kf6 50. Bd1 Be6 51. Ra8 Rc6 52. Bb3 Rd6 53. Re8 Kf7 54. Ra8 Kf6 55. Ra7 Rc6 56. Rb7 Rd6 57. Rc7 Bf7 58. Ke3 Be6 59. Kf4 Bd7 60. Rc5 Be6 61. Rc3 Bf7 62. Re3 Be6 63. f3 Rd8 64. Re1 Rc8 65. Ra1 Rc6 66. Ke3 Bf7 67. Rg1 Be6 68. Kd2 Rc7 69. Re1 Rc6 70. Re5 Rd6 71. Ke3 Rd8 72. Kf4 Rd6 73. Re2 Rc6 74. Rc2 Rd6 75. Rc5 Bf7 76. g4 hxg4 77. fxg4 fxg4 78. Kxg4 Be6+ 79. Kf4 Bf7 80. Bd1 Re6 81. Bf3 Rd6 82. Bg4 Rd8 83. Rc6+ Kg7 84. Rxa6 Re8 85. Bf3 Re1 86. Rb6 Rb1 87. Rxb5 Rxb2 88. Rb7 Kf6 89. Rb6+ Kg7 90. Ke5 Rf2 91. Bg4 Rh2 92. Be6 Rxh4 93. Bxf7 Kxf7 94. Rb7+ Ke8 95. Kxd5 g5 96. b5 g4 97. Rg7 Kd8 98. b6 Kc8 99. Kc6 Rh6+ 100. Kc5 Rh5+ 101. d5 Rh1 102. Rxg4 Rh6 103. Rg8+ Kb7 104. Rg7+ Kb8 105. d6 Rh1 106. d7 Rc1+ 107. Kd6 1-0

[Event "Prague Summer op"]
[Site "Prague"]
[Date "2024.08.03"]
[Round "2"]
[White "Sramek, Vojtech"]
[Black "Heron, Andrew"]
[Result "1-0"]
[WhiteElo "2237"]
[BlackElo "1973"]
[PlyCount "71"]
[EventDate "2024.08.02"]
[EventType "swiss"]
[EventRounds "9"]
[EventCountry "CZE"]
[SourceTitle "CBM 221 Extra"]
[Source "ChessBase"]
[SourceDate "2024.09.30"]
[SourceVersion "1"]
[SourceVersionDate "2024.09.30"]
[SourceQuality "1"]

1. e4 c5 2. Nf3 d6 3. d4 cxd4 4. Nxd4 Nf6 5. Nc3 a6 6. Be3 e5 7. Nb3 Be7 8. f3 Be6 9. Qd2 h5 10. Nd5 Nxd5 11. exd5 Bf5 12. Be2 Nd7 13. 0-0 Rc8 14. c4 0-0 15. Na5 Qc7 16. b4 b6 17. Nc6 Bf6 18. Rac1 h4 19. h3 Rfe8 20. f4 exf4 21. Bxf4 g6 22. c5 bxc5 23. bxc5 Nxc5 24. Rxc5 Qb6 25. Bxd6 Be5 26. Bxe5 Qxc5+ 27. Bd4 Qxd5 28. Qh6 f6 29. Bxf6 Kf7 30. Qg7+ Ke6 31. Nd4+ Kd6 32. Nxf5+ gxf5 33. Rd1 Rc1 34. Rxc1 Rxe2 35. Qc7+ Ke6 36. Qe7# 1-0

[Event "Titled Tuesday intern op 23rd Jul Late"]
[Site "Chess.com INT"]
[Date "2024.07.23"]
[Round "8"]
[White "Bogaudinov, Rushan"]
[Black "Sramek, Vojtech"]
[Result "0-1"]
[WhiteElo "1912"]
[BlackElo "2246"]
[PlyCount "62"]
[EventDate "2024.07.23"]
[EventType "swiss (blitz)"]
[EventRounds "11"]
[EventCountry "USA"]
[SourceTitle "EXT 2025"]
[Source "ChessBase"]
[SourceDate "2024.10.14"]
[SourceVersion "1"]
[SourceVersionDate "2024.10.14"]
[SourceQuality "1"]

1. d4 d5 2. c4 e6 3. Nc3 Nf6 4. Nf3 c5 5. cxd5 Nxd5 6. e4 Nxc3 7. bxc3 cxd4 8. cxd4 Bb4+ 9. Bd2 Bxd2+ 10. Qxd2 0-0 11. Be2 b6 12. 0-0 Bb7 13. Bd3 Nc6 14. Qe3 Rc8 15. Rfd1 h6 16. a3 Na5 17. Rac1 Qe7 18. Bb1 Nc4 19. Qb3 Nd6 20. d5 exd5 21. exd5 Rxc1 22. Rxc1 Rc8 23. Rd1 Rc5 24. h3 g6 25. h4 h5 26. Ng5 Qe5 27. Nf3 Qf4 28. Ba2 Bc8 29. Qb2 Bg4 30. Qe5 Qxe5 31. Nxe5 Bxd1 0-1

[Event "Titled Tuesday intern op 23rd Jul Late"]
[Site "Chess.com INT"]
[Date "2024.07.23"]
[Round "9"]
[White "Sramek, Vojtech"]
[Black "Banerjee, Supratit"]
[Result "0-1"]
[WhiteElo "2246"]
[BlackElo "2161"]
[PlyCount "108"]
[EventDate "2024.07.23"]
[EventType "swiss (blitz)"]
[EventRounds "11"]
[EventCountry "USA"]
[SourceTitle "EXT 2025"]
[Source "ChessBase"]
[SourceDate "2024.10.14"]
[SourceVersion "1"]
[SourceVersionDate "2024.10.14"]
[SourceQuality "1"]

1. e4 e6 2. d4 d5 3. exd5 exd5 4. Nf3 Nf6 5. Bd3 Bd6 6. 0-0 0-0 7. Bg5 c6 8. Nbd2 Bg4 9. c4 Nbd7 10. c5 Bc7 11. Qc2 h6 12. Bh4 Re8 13. Rfe1 g5 14. Bg3 Bxg3 15. hxg3 Qc7 16. Bf5 Bxf3 17. Nxf3 Kg7 18. Qd2 Ne4 19. Qc2 Ndf6 20. Ne5 Re7 21. g4 Rae8 22. Bxe4 dxe4 23. Rad1 Qd8 24. Qb3 Qd5 25. Qxd5 Nxd5 26. Nc4 Re6 27. Nd6 R8e7 28. Nf5+ Kf6 29. Nxe7 Rxe7 30. Re2 Nf4 31. Re3 Nd5 32. Rb3 b6 33. cxb6 axb6 34. Rc1 Re6 35. g3 Kg6 36. Re1 b5 37. a4 bxa4 38. Ra3 Nb6 39. Rae3 f5 40. gxf5+ Kxf5 41. Rc1 Nd5 42. Ra3 e3 43. fxe3 Kg4 44. Kf2 Nf6 45. Rxa4 Ne4+ 46. Kg2 Rf6 47. Rc2 h5 48. d5 cxd5 49. Rd4 Rf5 50. b4 h4 51. gxh4 gxh4 52. b5 h3+ 53. Kh2 Kf3 54. Kxh3 Rh5# 0-1

[Event "Bohumin op-A 7th"]
[Site "Bohumin"]
[Date "2024.07.05"]
[Round "8"]
[White "Kudla, Richard"]
[Black "Sramek, Vojtech"]
[Result "1/2-1/2"]
[WhiteElo "2056"]
[BlackElo "2246"]
[PlyCount "160"]
[EventDate "2024.06.29"]
[EventType "swiss"]
[EventRounds "9"]
[EventCountry "CZE"]
[SourceTitle "CBM 221 Extra"]
[Source "ChessBase"]
[SourceDate "2024.09.30"]
[SourceVersion "1"]
[SourceVersionDate "2024.09.30"]
[SourceQuality "1"]

1. e4 Nf6 2. e5 Nd5 3. Nc3 Nxc3 4. bxc3 d6 5. f4 c5 6. d4 dxe5 7. fxe5 Nc6 8. Nf3 Bg4 9. Be2 e6 10. 0-0 Be7 11. Rb1 Qc7 12. Be3 0-0 13. Qe1 Bf5 14. Bd3 Bxd3 15. cxd3 cxd4 16. Nxd4 Nxd4 17. Bxd4 Bc5 18. Bxc5 Qxc5+ 19. d4 Qd5 20. Qe3 Rac8 21. Rf3 f5 22. exf6 Rxf6 23. Rxf6 gxf6 24. Rf1 Rf8 25. a4 Rf7 26. Qg3+ Kh8 27. Qb8+ Kg7 28. Rf3 f5 29. Rg3+ Kf6 30. Qf4 Ke7 31. Rg8 Kd7 32. Qb8 Kc6 33. Rc8+ Kb6 34. Rc5 Qd7 35. a5+ Ka6 36. Qe5 b6 37. Qe2+ b5 38. Re5 Rf6 39. Qd3 Qc6 40. Rc5 Qb7 41. c4 b4 42. Re5 b3 43. Rb5 Qe4 44. Qd1 Rg6 45. g3 Qc2 46. Qf1 Rh6 47. h4 Rg6 48. Qf4 Qd1+ 49. Kg2 Qe2+ 50. Kh3 Qg4+ 51. Qxg4 Rxg4 52. Rxb3 Rxd4 53. Re3 Re4 54. Rxe4 fxe4 55. g4 Kxa5 56. g5 Kb4 57. h5 e3 58. Kg2 Kc3 59. g6 hxg6 60. hxg6 e2 61. g7 e1Q 62. g8Q Qe2+ 63. Kg3 Qe3+ 64. Kg2 Qe2+ 65. Kg3 Qe3+ 66. Kg2 Kxc4 67. Qc8+ Kd3 68. Qa6+ Ke4 69. Qxe6+ Kd3 70. Qa6+ Kc2 71. Qa2+ Kd1 72. Qa1+ Ke2 73. Qa2+ Kd3 74. Qa3+ Ke4 75. Qe7+ Kf4 76. Qf7+ Ke4 77. Qe7+ Kd3 78. Qa3+ Kd4 79. Qxa7+ Kd3 80. Qxe3+ Kxe3 1/2-1/2

[Event "Bohumin op-A 7th"]
[Site "Bohumin"]
[Date "2024.07.01"]
[Round "4"]
[White "Hu, Jiani"]
[Black "Sramek, Vojtech"]
[Result "1-0"]
[WhiteElo "2148"]
[BlackElo "2246"]
[PlyCount "113"]
[EventDate "2024.06.29"]
[EventType "swiss"]
[EventRounds "9"]
[EventCountry "CZE"]
[SourceTitle "CBM 221 Extra"]
[Source "ChessBase"]
[SourceDate "2024.09.30"]
[SourceVersion "1"]
[SourceVersionDate "2024.09.30"]
[SourceQuality "1"]

1. e4 c5 2. Nf3 g6 3. d4 cxd4 4. Nxd4 Nc6 5. Be3 Nf6 6. Nc3 Bg7 7. Be2 0-0 8. 0-0 d5 9. Bf3 Nxd4 10. Bxd4 dxe4 11. Nxe4 Nxe4 12. Bxg7 Kxg7 13. Bxe4 Be6 14. b3 Rb8 15. c4 b6 16. Rc1 Rc8 17. Qe2 Qd4 18. Rfd1 Qe5 19. Qe3 Rfd8 20. Bb7 Qxe3 21. fxe3 Rxd1+ 22. Rxd1 Rc7 23. Bf3 Kf6 24. Rd2 Ke5 25. Kf2 g5 26. Ke2 Rc5 27. Rd4 Ra5 28. a4 Rc5 29. Kd3 a5 30. g3 Rc7 31. Bd5 f5 32. Bxe6 Kxe6 33. e4 f4 34. gxf4 gxf4 35. Rd5 Rc5 36. Kd4 Kf6 37. Rd8 e5+ 38. Kd3 Rc6 39. Rf8+ Ke7 40. Rb8 h6 41. Rb7+ Kd6 42. Kc3 Ke6 43. Rh7 f3 44. Kd3 f2 45. Ke2 Rc8 46. Rxh6+ Kd7 47. Kxf2 Kc7 48. Re6 Rh8 49. Kg3 Rg8+ 50. Kf3 Rh8 51. Kg4 Rxh2 52. Rxe5 Rb2 53. Rb5 Rf2 54. c5 bxc5 55. Rxc5+ Kb6 56. Rb5+ Ka6 57. e5 1-0

[Event "CZE-chT1E 2324"]
[Site "Czech Republic"]
[Date "2024.01.21"]
[Round "6.3"]
[White "Sramek, Vojtech"]
[Black "Vrana, Jan"]
[Result "1-0"]
[WhiteElo "2249"]
[BlackElo "2366"]
[PlyCount "63"]
[EventDate "2023.10.22"]
[EventType "team-tourn"]
[EventRounds "11"]
[EventCountry "CZE"]
[SourceTitle "EXT 2025"]
[Source "ChessBase"]
[SourceDate "2024.10.14"]
[SourceVersion "1"]
[SourceVersionDate "2024.10.14"]
[SourceQuality "1"]
[WhiteTeam "Orlova Slavia"]
[BlackTeam "Polabiny III"]
[WhiteTeamCountry "CZE"]
[BlackTeamCountry "CZE"]

1. e4 e5 2. Nf3 Nf6 3. Nxe5 d6 4. Nf3 Nxe4 5. d3 Nf6 6. d4 d5 7. Bd3 Bd6 8. 0-0 0-0 9. Bg5 Bg4 10. Nbd2 Nbd7 11. c4 dxc4 12. Nxc4 Be7 13. Ne3 Bh5 14. Nf5 Nb6 15. Re1 Bb4 16. Re5 Bg6 17. N3h4 Bd6 18. Qf3 Nbd7 19. Re3 b6 20. Rae1 Bb4 21. Qh3 Bxe1 22. Nxg6 Bxf2+ 23. Kxf2 fxg6 24. Ne7+ Kh8 25. Nxg6+ Kg8 26. Ne7+ Kh8 27. Kg1 Rf7 28. Ng6+ Kg8 29. Bc4 hxg6 30. Bxf7+ Kxf7 31. Qe6+ Kf8 32. Rh3 1-0

[Event "CZE-chT1E 2324"]
[Site "Czech Republic"]
[Date "2023.12.10"]
[Round "4.2"]
[White "Sramek, Vojtech"]
[Black "Polak, Tomas"]
[Result "0-1"]
[WhiteElo "2249"]
[BlackElo "2518"]
[PlyCount "72"]
[EventDate "2023.10.22"]
[EventType "team-tourn"]
[EventRounds "11"]
[EventCountry "CZE"]
[SourceTitle "EXT 2025"]
[Source "ChessBase"]
[SourceDate "2024.10.14"]
[SourceVersion "1"]
[SourceVersionDate "2024.10.14"]
[SourceQuality "1"]
[WhiteTeam "Orlova Slavia"]
[BlackTeam "Brno Moravska Slavia II"]
[WhiteTeamCountry "CZE"]
[BlackTeamCountry "CZE"]

1. e4 c5 2. Nf3 g6 3. d4 Bg7 4. dxc5 Qa5+ 5. c3 Qxc5 6. Na3 d6 7. Nb5 Bd7 8. Be3 Qc6 9. Be2 a6 10. Nfd4 Qc8 11. Na3 Nf6 12. f3 Qc7 13. 0-0 0-0 14. Qd2 Rd8 15. c4 Nc6 16. Rfc1 b6 17. Nab5 Qb7 18. Nc3 e6 19. Rab1 Ne5 20. Qc2 d5 21. cxd5 exd5 22. exd5 Nxd5 23. Nxd5 Qxd5 24. Rd1 Rdc8 25. Qb3 Qxb3 26. Nxb3 b5 27. Nc5 Bf5 28. Rbc1 h5 29. b4 Nc6 30. g4 Re8 31. Kf2 Be6 32. Nxe6 Rxe6 33. gxh5 Rae8 34. Rd2 Nxb4 35. Bc5 Rxe2+ 36. Rxe2 Nd3+ 0-1